000 00318nam a2200145Ia 4500
008 150301s2015 xx 000 0 und d
082 _a611
_bH14T
100 _aTONDON, B.K
245 _aTB OF HUMAN ANATOMY-|
250 _a2ND
260 _bAHUJA PUB
300 _a253
650 _aPHARMACEUTICS
942 _2ddc
_cBK
999 _c7395
_d7395